000 00990nam a2200229Ii 4500
003 JO-AjNU
008 230605s9999||||xx |||||||||||||| ||und||
017 _a2009/23826
020 _a978-977-408-837-4
040 _aJO-AjNU
_bara
_erda
_cJO-AjNU
041 _aara
050 1 4 _aQA76.9.D3 L6612 2010
100 3 _aتأليف لوني، كيفين؛ ترجمة خالد العامري,
_eauthor
_944489
245 0 0 _aقواعد بيانات أوراكل 11 جي،المرجع الشامل = Oracle database11G : The complete Reference
250 _aالطبعة العربية الأولى 2010
264 3 1 _aالقاهرة: دار الفاروق، 2010
300 _a1959ص
336 _atext
_btxt
_2rdacontent
337 _aunmediated
_bn
_2rdamedia
338 _avolume
_bnc
_2rdacarrier
650 4 _aأوراكل (لغة برمجة) -- البرمجة (حاسبات إلكترونية) -- الحاسبات الإلكترونية -- لغات -- قواعد البيانات
_944490
999 _aA19214
_c22782
_d22782